<?xml version="1.0" encoding="UTF-8"?>
<record
    xmlns:xsi="http://www.w3.org/2001/XMLSchema-instance"
    xsi:schemaLocation="http://www.loc.gov/MARC21/slim http://www.loc.gov/standards/marcxml/schema/MARC21slim.xsd"
    xmlns="http://www.loc.gov/MARC21/slim">

  <leader>02615nab a2200301uuc4500</leader>
  <controlfield tag="001">1448169</controlfield>
  <controlfield tag="003">OSt</controlfield>
  <controlfield tag="005">20240322085929.0</controlfield>
  <controlfield tag="008">160816e20160601                    spa  </controlfield>
  <datafield tag="035" ind1=" " ind2=" ">
    <subfield code="a">1448169</subfield>
  </datafield>
  <datafield tag="040" ind1=" " ind2=" ">
    <subfield code="c">comduadb</subfield>
  </datafield>
  <datafield tag="041" ind1=" " ind2=" ">
    <subfield code="a">spa</subfield>
  </datafield>
  <datafield tag="100" ind1="1" ind2="0">
    <subfield code="a">Lorca Cabrera, Jael</subfield>
    <subfield code="4">aut</subfield>
    <subfield code="e">aut</subfield>
    <subfield code="9">725418</subfield>
  </datafield>
  <datafield tag="245" ind1="1" ind2="0">
    <subfield code="a">Apoyo tecnol&#xF3;gico a los cuidadores no profesionales de personas con enfermedades cr&#xF3;nicas</subfield>
  </datafield>
  <datafield tag="520" ind1="3" ind2=" ">
    <subfield code="a">Objetivo: identificar el uso y las potencialidades de las Tecnolog&#xED;as de la Informaci&#xF3;n y de la Comunicaci&#xF3;n (TIC) en los cuidadores no profesionales de personas con enfermedades cr&#xF3;nicas. M&#xE9;todo: se realiz&#xF3; una revisi&#xF3;n bibliogr&#xE1;fica de la literatura publicada entre 2008 y 2014 en las bases de datos Scopus, Cuiden, I Cercador Plus, Teseo, Pubmed, Cinahl, Proquest Health &amp; Medical Complete y el buscador Google Academic, sobre el uso de las tecnolog&#xED;as en personas cuidadoras. Resultados: se seleccionaron 13 art&#xED;culos. El an&#xE1;lisis de los art&#xED;culos ha identificado que las TIC: ayudan a los cuidadores no profesionales a adquirir conocimientos y habilidades, son un medio de comunicaci&#xF3;n que ofrece un est&#xED;mulo social y cognitivo &#xFA;til y disminuye la sobrecarga del cuidador, as&#xED; como la ansiedad, el estr&#xE9;s y los conflictos familiares y/o conyugales. Aunque hay diferentes servicios de apoyo presenciales, los cuidadores los subutilizan por falta de tiempo, derivado de cuidar a la persona enferma, y por limitaciones geogr&#xE1;ficas, dificultades de transporte y/o problemas de salud. Conclusiones: las TIC pueden contribuir a una mejora de calidad de vida de los cuidadores y pueden configurar un nuevo modelo de atenci&#xF3;n. Es imprescindible dise&#xF1;ar programas de intervenci&#xF3;n utilizando estas tecnolog&#xED;as. En Espa&#xF1;a son escasas las publicaciones sobre el tema, especialmente si se habla de estudios que traten de la eficacia del uso de las tecnolog&#xED;as como soporte a las cuidadoras.</subfield>
  </datafield>
  <datafield tag="650" ind1=" " ind2="7">
    <subfield code="a">Cuidadores</subfield>
    <subfield code="2">dcs</subfield>
    <subfield code="9">16570</subfield>
  </datafield>
  <datafield tag="650" ind1=" " ind2=" ">
    <subfield code="a">Enfermedades cr&#xF3;nicas</subfield>
    <subfield code="9">16995</subfield>
  </datafield>
  <datafield tag="650" ind1=" " ind2=" ">
    <subfield code="a">Web 2.0</subfield>
    <subfield code="9">160633</subfield>
  </datafield>
  <datafield tag="650" ind1=" " ind2="0">
    <subfield code="a">Tecnolog&#xED;as de la informaci&#xF3;n y de la comunicaci&#xF3;n</subfield>
    <subfield code="9">200985</subfield>
  </datafield>
  <datafield tag="650" ind1=" " ind2=" ">
    <subfield code="a">Tecnolog&#xED;a y salud</subfield>
    <subfield code="9">162563</subfield>
  </datafield>
  <datafield tag="700" ind1="1" ind2="0">
    <subfield code="a">Mart&#xED; Arques, Rut</subfield>
    <subfield code="4">aut</subfield>
    <subfield code="e">aut</subfield>
    <subfield code="9">730273</subfield>
  </datafield>
  <datafield tag="700" ind1="1" ind2="0">
    <subfield code="a">Albacar Riob&#xF3;o, N&#xFA;ria</subfield>
    <subfield code="4">aut</subfield>
    <subfield code="e">aut</subfield>
    <subfield code="9">591332</subfield>
  </datafield>
  <datafield tag="700" ind1="1" ind2="0">
    <subfield code="a">Garc&#xED;a Mart&#xED;nez, Montserrat</subfield>
    <subfield code="4">aut</subfield>
    <subfield code="e">aut</subfield>
    <subfield code="9">467495</subfield>
  </datafield>
  <datafield tag="700" ind1="1" ind2="0">
    <subfield code="a">Mora L&#xF3;pez, Gerard</subfield>
    <subfield code="4">aut</subfield>
    <subfield code="e">aut</subfield>
    <subfield code="9">730274</subfield>
  </datafield>
  <datafield tag="700" ind1="1" ind2="0">
    <subfield code="a">Lleixa Fortuno, Mar&#xED;a del Mar</subfield>
    <subfield code="4">aut</subfield>
    <subfield code="e">aut</subfield>
    <subfield code="9">304542</subfield>
  </datafield>
  <datafield tag="773" ind1="0" ind2=" ">
    <subfield code="t">Metas de Enfermer&#xED;a (Espa&#xF1;a)</subfield>
    <subfield code="g">Volumen 19, N&#xFA;mero 05, Junio 2016, p&#xE1;ginas 21-26</subfield>
    <subfield code="w">596371</subfield>
    <subfield code="x">1138-7262</subfield>
    <subfield code="0">156710</subfield>
  </datafield>
  <datafield tag="942" ind1=" " ind2=" ">
    <subfield code="c">ARIMP</subfield>
    <subfield code="2">ddc</subfield>
  </datafield>
  <datafield tag="999" ind1=" " ind2=" ">
    <subfield code="c">742929</subfield>
    <subfield code="d">742929</subfield>
  </datafield>
</record>
